000 00537nam a2200205Ia 4500
003 OSt
005 20240523105701.0
008 210210b1955 xxu||||| |||| 00| 0 eng d
040 _cAL
041 _akan
082 _a859/1659
100 _aVANICHARANADASA
_9156201
_dವಾಣೀಚರಣದಾಸ
245 _aApara mandira:
_bಅಪಾರ ಮಂದಿರ
260 _aMangaluru
_b-
_c1955
650 _amandira
_9156202
650 _aApara
_9156203
690 _aKannada Fiction
_9156204
906 _a022381
942 _2ddc
_cBK
999 _c146711
_d146711